Movies Quiz

Random Movies or Quote Quiz

AFI Quotes - Word for Word II Quiz Stats

 Plays Quiz Updated Nov 19, 2018

Challenge
Share
Tweet
Embed
Score 0/113 Timer 06:00
2 Plays Today
% Correct
I
99.6%
I
99.6%
'I
99.6%
see
96.8%
dead
96.6%
people.
96.6%
the
94.7%
the
94.7%
the
94.7%
The
94.7%
the
94.7%
the
94.7%
me?
94.7%
me
94.7%
me
94.7%
the
94.7%
the
94.7%
the
94.7%
me
94.6%
You
94.4%
you
94.4%
you
94.4%
to
89.7%
A
88.8%
a
88.7%
I'll
87.5%
talkin'
86.6%
be
85.9%
money!
85.1%
Show
84.7%
of
82.3%
of.
82.3%
of
82.3%
of
82.3%
call
73.5%
call
73.5%
and
72.9%
don't
72.7%
% Correct
I'm
72%
world!
71.6%
is
70.4%
is
70.4%
what
70.3%
king
70%
Shirley.'
69.6%
have
67.8%
am
67.3%
can't
66%
can't
66%
she's
65.8%
having.
65.6%
la
63.4%
baby.
60%
vista,
59.6%
'Surely
59.5%
serious!'
59.4%
serious...
59.4%
in
59.2%
Hasta
58.1%
on
54.2%
Greed,
53.7%
good.
52.8%
for
52.3%
are
52.2%
man
49.5%
They
48.8%
This
48.3%
it,
47.5%
Mister
46.7%
here!
45.4%
War
43.9%
Room!
43.6%
fight
42.8%
luckiest
42.7%
word,
41.7%
day,
41.4%
% Correct
face
41.1%
earth.
40.8%
better
40.7%
Tibbs!
40.7%
Today,
40.2%
lack
39.3%
not
36.4%
Seize
36.4%
made
36.3%
that
35.9%
Gentlemen,
35.5%
Carpe
34%
diem.
33.9%
it's
33.4%
myself
33%
consider
32.6%
Chinatown.
32.3%
dreams
32.3%
Make
32.3%
your
31.8%
your
31.8%
your
31.8%
stuff
29.6%
Shaken,
28.5%
stirred.
28.4%
martini.
28.4%
Forget
26.8%
but
24.6%
boys.
24.1%
Jake,
23.7%
friends
16.8%
Keep
16.6%
close,
16.2%
enemies
16.1%
closer.
16%
lives
13.4%
extraordinary.
10.6%

You're not logged in!

Compare scores with friends on all Sporcle quizzes.
OR
Log In

You Might Also Like...

Show Comments

Extras

Top Quizzes Today


Score Distribution

Your Account Isn't Verified!

In order to create a playlist on Sporcle, you need to verify the email address you used during registration. Go to your Sporcle Settings to finish the process.

Report this User

Report this user for behavior that violates our Community Guidelines.

Details: